Equivariant K-theory and freeness of group actions on C*-algebras /

Bibliographic Details
Main Author: Phillips, N. Christopher (Norman Christopher), 1956-
Format: Book
Language:English
Published: Berlin ; New York : Springer-Verlag, [1987]
Series:Lecture notes in mathematics (Springer-Verlag) ; 1274.
Subjects:

MARC

Tag First Indicator Second Indicator Subfields
LEADER 00000cam a22000008a 4500
001 in00000009347
005 20151007051528.0
008 870810s1987 wb b 00110 eng
010 |a  87023345  
020 |a 0387182772 (U.S.) :  |c DM54.50 
035 |a (OCoLC)16525494 
035 |9 AAA3431AM 
040 |a DLC  |c DLC  |d TXA  |d UtOrBLW 
049 |a TXAM  |c [A12636822] 
050 0 0 |a QA3  |b .L28 no. 1274 
082 0 |a 510 s  |a 512/.55  |2 19 
100 1 |a Phillips, N. Christopher  |q (Norman Christopher),  |d 1956- 
245 1 0 |a Equivariant K-theory and freeness of group actions on C*-algebras /  |c N. Christopher Phillips. 
263 |a 8709 
264 1 |a Berlin ;  |a New York :  |b Springer-Verlag,  |c [1987] 
264 4 |c ©1987 
300 |a viii, 371 pages 
336 |a text  |b txt  |2 rdacontent 
337 |a unmediated  |b n  |2 rdamedia 
338 |a volume  |b nc  |2 rdacarrier 
490 1 |a Lecture notes in mathematics ;  |v 1274 
504 |a Includes bibliographies and indexes. 
650 0 |a K-theory. 
650 0 |a C*-algebras. 
650 0 |a Lie groups. 
830 0 |a Lecture notes in mathematics (Springer-Verlag) ;  |v 1274. 
999 |a MARS 
999 f f |s 07d567d5-a02c-3ff1-9baa-f05670ba1eb4  |i 04101dc9-f8cb-3746-8de0-a4b222a90856  |t 0 
952 f f |p ric  |a Texas A&M University  |b Rellis Campus  |c Joint Library Facility  |d Remote Storage  |t 0  |e QA3 .L28 no.1274  |h Library of Congress classification  |i unmediated -- volume  |m A14812636822 
998 f f |a QA3 .L28 no.1274  |t 0  |l Remote Storage